MARC

LEADER 00000nas a2200000 i 4500
001 ssj0059358
003 WaSeSS
005 20200512172242.0
006 m d
007 cr n
008 080407c19939999bl qr p s 0 0por c
010 |a  2017240341 
016 7 |a 9424132  |2 DNLM 
016 7 |a SR0078789  |2 DNLM 
016 7 |a 009223508  |2 Uk 
022 |a 1980-6523  |l 0102-9460  |y 0102-9460 
035 |a (WaSeSS)ssj0059358 
040 |a OCLCS  |b eng  |e pn  |c OCLCS  |d OCLCS  |d OCLCQ  |d OCLCE  |d OCLCQ  |d OCLCF  |d OCLCO  |d CUS  |d SFB  |d YYP  |d CSU  |d RDF  |d CUS  |d OCLCO  |d OCLCQ  |d OCLCO  |d OCLCQ  |d Z5A  |d IXA  |d OCL  |d OCLCO  |d U3W  |d OCLCO  |d OCLCA  |d AU@  |d OCLCO  |d WYU  |d OCLCO  |d OCLCA  |d VT2  |d OCLCO  |d WaSeSS 
041 0 |a por  |b eng 
042 |a pcc 
043 |a s-bl--- 
210 0 |a Rev. odonto ciênc.  |b (Online) 
222 0 |a Revista odonto ciência  |b (Online) 
245 0 0 |a Revista odonto ciência  |h [electronic resource] =  |b Journal of dental science. 
246 1 |a Journal of dental science 
246 1 |a Odonto ciência 
260 |a Porto Alegre :  |b Programa de Pós-Graduação em Odontologia, Pontifícia Universidade Católica do Rio Grande do Sul :  |b Fac. Odonto/PUCRS 
310 |a Quarterly 
362 1 |a Print began with v. 8, n. 15 (junho 1993). 
506 |a License restrictions may limit access. 
546 |a Articles in Portuguese, some in English; with summaries in English. and Portuguese. 
588 |a Description based on: V.20, n. 47 (jan./mar. 2005); title from HTML header (publisher's website, viewed Nov. 28, 2017). 
588 |a Latest issue consulted: Vol. 32, no. 2 (2017) (viewed Nov. 28, 2017). 
650 0 |a Dentistry  |v Periodicals. 
650 0 |a Dentistry  |z Brazil  |v Periodicals. 
650 7 |a Dentistry.  |2 fast  |0 (OCoLC)fst00890633 
650 1 2 |a Dentistry. 
651 7 |a Brazil.  |2 fast  |0 (OCoLC)fst01206830 
655 0 |a Electronic journals. 
710 2 |a Pontifícia Universidade Católica do Rio Grande do Sul.  |b Programa de Pós-Graduação em Odontologia. 
710 2 |a Pontifícia Universidade Católica do Rio Grande do Sul.  |b Faculdade de Odontologia. 
776 0 8 |i Print version:  |t Revista odonto ciência  |x 0102-9460  |w (DLC)sn 97036960  |w (OCoLC)37927563 
780 0 0 |t Odonto ciência 
856 4 0 |z Full text available from Research Library: 01/01/2008 to present  |u https://search.proquest.com/publication/136242